Género y Globalización /

Este libro reúne una serie de artículos de reflexión feminista sobre la globalización que pone en evidencia la necesidad de pensar la política económica, los movimientos sociales, la formación de identidades y los asuntos del sujeto como esferas indesligables. Las ambivalencias y múltiples sentidos...

Täydet tiedot

Tallennettuna:
Bibliografiset tiedot
Muut tekijät: Girón, Alicia, coordinadora
Aineistotyyppi: Tuntematon
Kieli:Spanish
Julkaistu: Argentina : CLACSO,
Sarja:Colección Grupos de Trabajo
Aiheet:
Tagit: Lisää tagi
Ei tageja, Lisää ensimmäinen tagi!

MARC

LEADER 00000 a2200000 04500
001 40308
003
008 050701s2009 ag spa d
040
020 |a 978-987-1543-16-8  
022 |a 978-987-1543-16-8  
090 |a 0003 G527g  
245 |a Género y Globalización /   |c coordinadora Alicia Girón y otros  
260 |a Argentina :   |b CLACSO,  
300 |a 285 páginas  
440 |a Colección Grupos de Trabajo  
500 |a Clasificación del SIBDI 304298 G326g  
520 |a Este libro reúne una serie de artículos de reflexión feminista sobre la globalización que pone en evidencia la necesidad de pensar la política económica, los movimientos sociales, la formación de identidades y los asuntos del sujeto como esferas indesligables. Las ambivalencias y múltiples sentidos de la globalización tienden a producir nuevas distorsiones de género al mismo tiempo que subvierten otras, dando pie a nuevas dinámicas de exclusión e inclusión.  
590 |a DISEMINAR102010/RRA/OCTUBRE2010  
650 |a NEOLIBERALISMO  
650 |a GLOBALIZACION  
650 |a MUJERES  
650 |a AJUSTE ESTRUCTURAL  
650 |a DISCRIMINACION BASADA EN EL GENERO  
650 |a ANALISIS DE GENERO  
650 |a  RELACIONES DE GENERO  
650 |a  AMERICA LATINA  
650 |a  FEMINISMO  
650 |a 1 POLITICA GUBERNAMENTAL  
700 |a Girón, Alicia, coordinadora  
999 |c 2366  |d 2366